BIBLIOTHÈQUE DE LA MAISON DU MEXIQUE

Logo 1 Logo 2

La historia de la Residencia Oficial de Los Pinos (notice nᵒ 2993)

détails MARC
000 -Sello discográfico
campo de control de longitud fija 00895nam a2200277 4500
005 - Identificación de versión
campo de control 20251016083429.0
010 ## - Número Estándar Internacional de Libros (ISBN)
Número (ISBN) 968-16-3054-8
035 ## - Otros números de control del sistema
Número de control del sistema 24411
099 ## - fechas locales
Tipo de ítem Koha LIBRO
100 ## - Datos de procesamiento general
Datos de procesamiento general 19980304d1988 m y1spay5003 ba
101 ## - Idioma del recurso
Idioma del texto, banda sonora, etc. Español; Castellano
200 1# - Título y mención de responsabilidad
Título propio La historia de la Residencia Oficial de Los Pinos
Designación general del material texto impreso
Primer mención de responsabilidad Fernando Muñoz Altea, Magdalena Escobosa Hass de Rangel
205 ## - Declaración de edición
Declaración de edición 1a ed
210 ## - Publicación, distribución, etc.
Lugar de publicación, distribución, etc. México
Nombre del editor, distribuidor, etc. Fondo de Cultura Económica
-- Presidencia de la República
Fecha de publicación, distribución, etc. 1988
215 ## - Descripción física
Designación de material específico y extensión del ítem 293 p
Otras características físicas il., fot.
Dimensiones 31 cm
318 ## - Nota de acción
Acción No se presta a domicilio
345 ## - Nota de información de adquisición
Fuente de adquisición/dirección de la suscripción [OBSOLETO] Donación
607 ## - Nombre geográfico utilizado como tema
Elemento de entrada Ciudad de México
Subdivisión temática Los Pinos
-- Historia
Número Koha 6349
660 ## - Código de área geográfica
Código MX
700 ## - Nombre personal - Responsabilidad primaria
Elemento de entrada Muñoz Altea
Parte del nombre distinta del elemento de entrada Fernando
Número Koha 6350
701 ## - Nombre personal - Responsabilidad alternativa
Elemento de entrada Escobosa Hass de Rangel
Parte del nombre distinta del elemento de entrada Magdalena
Número Koha 6351
801 #0 - Fuente de origen
Agencia cm
942 ## - ELEMENTOS DE ENTRADA SECUNDARIOS (KOHA)
Tipo de ítem Koha Livre
Exemplaires
Estatus retirado Estado de daño Estado de pérdida Fuente de la clasificación o esquema de estantería Fecha de adquisición Biblioteca de origen Biblioteca actual Código de barras Precio de reemplazo Signatura topográfica completa No para préstamo Tipo de ítem Koha Nota no pública
      Clasificación Decimal Dewey 26/09/2025 Casa México Paris Casa México Paris 012978 26/09/2025 F972.09 M967h No se presta a domicilio Livre 751145101